000
00251nam a2200097Ia 4500
008
120527s9999 xx 000 0 und d
100
_a
OGUNNIYI, N. Tunde
245
_a
The learning Era in modern Architecture in Nigeria
260
_b
FUNKY
942
_c
BK
999
_c
25361
_d
25361